Economistas españoles del siglo XVIII (Record no. 33731)

MARC details
000 -LEADER
campo de control de longitud fija 00903nam a2200229 i 4500
001 - NÚMERO DE CONTROL
campo de control 33731
003 - IDENTIFICADOR DE NÚMERO DE CONTROL
campo de control ES-MaACL
005 - FECHA Y HORA DE LA ÚLTIMA TRANSACCIÓN
campo de control 20251009181316.0
007 - CAMPO FIJO DE DESCRIPCIÓN FÍSICA--INFORMACIÓN GENERAL
campo de control de longitud fija t|
008 - DATOS DE LONGITUD FIJA--INFORMACIÓN GENERAL
campo de control de longitud fija 030203s1968 sp ||||1| spa d
100 1# - ENTRADA PRINCIPAL--NOMBRE DE PERSONA
Nombre de persona Bitar Letayf, Marcelo.
9 (RLIN) 29024
245 10 - MENCIÓN DEL TÍTULO
Título Economistas españoles del siglo XVIII
Resto del título : sus ideas sobre la libertad del comercio con Indias /
Mención de responsabilidad, etc. Marcelo Bitar Letayf ; prólogo de José Antonio Maravall.
260 ## - PUBLICACIÓN, DISTRIBUCIÓN, ETC.
Lugar de publicación, distribución, etc. Madrid :
Nombre del editor, distribuidor, etc. Cultura Hispánica,
Fecha de publicación, distribución, etc. 1968.
300 ## - DESCRIPCIÓN FÍSICA
Extensión XXVII, 257 p. ;
Dimensiones 21 cm.
650 #4 - PUNTO DE ACCESO ADICIONAL DE MATERIA--TÉRMINO DE MATERIA
Término de materia o nombre geográfico como elemento de entrada Economistas-
Subdivisión geográfica España-
Subdivisión de forma Historia.
9 (RLIN) 168046
650 #4 - PUNTO DE ACCESO ADICIONAL DE MATERIA--TÉRMINO DE MATERIA
Término de materia o nombre geográfico como elemento de entrada Economía-
Subdivisión geográfica España-
Subdivisión cronológica S.XVIII.
9 (RLIN) 150793
651 #4 - PUNTO DE ACCESO ADICIONAL DE MATERIA--NOMBRE GEOGRÁFICO
Nombre geográfico España-
Subdivisión general Comercio exterior-
Subdivisión geográfica América española-
Subdivisión cronológica S.XVIII.
9 (RLIN) 172645
651 #4 - PUNTO DE ACCESO ADICIONAL DE MATERIA--NOMBRE GEOGRÁFICO
Nombre geográfico América española-
Subdivisión general Comercio exterior-
Subdivisión geográfica España.
9 (RLIN) 168845
700 1# - ENTRADA AGREGADA--NOMBRE PERSONAL
Nombre de persona Maravall, José Antonio,
Fechas asociadas al nombre 1911-1986
9 (RLIN) 76329
852 ## - LOCALIZACIÓN
Ubicación ES-MaACL
Número de control de estantería C-35215
Holdings
Estatus retirado Estado de pérdida Estado de daño No para préstamo Biblioteca de origen Biblioteca actual Ubicación en estantería Fecha de adquisición Fuente de adquisición Total de préstamos Signatura topográfica completa Código de barras Visto por última vez Precio de reemplazo Tipo de ítem Koha
        Biblioteca del Ateneo de Madrid Biblioteca del Ateneo de Madrid Depósito 2 17/01/2008     C-35215 1035108 23/02/2023 23/02/2023 Libro impreso